| 000 | 00983cam a2200289 a 4500 | ||
|---|---|---|---|
| 001 | 4961569 | ||
| 003 | PILC | ||
| 005 | 20160114124141.0 | ||
| 008 | 970328s1998 nyu c 000 1 eng | ||
| 010 | _a 97011762 | ||
| 020 | _a0590188925 | ||
| 040 |
_aDLC _cDLC _dDLC |
||
| 042 | _alcac | ||
| 050 | 0 | 0 |
_aPZ 7 _b.P52112 1998 |
| 082 | 0 | 0 |
_aFIC _bP53 1998 |
| 100 | 1 |
_aPhilbrick, W. R. _q(W. Rodman) _919781 |
|
| 245 | 1 | 0 |
_aMax the mighty _cRodman Philbrick. |
| 260 |
_aNew York : _bBlue Sky Press, _cc1998. |
||
| 300 |
_a166 p. : _c18 cm. |
||
| 650 | 1 |
_aRunaways _xFiction. _919782 |
|
| 650 | 1 |
_aFriendship _xFiction. _919783 |
|
| 906 |
_a7 _bcbc _corignew _d1 _eocip _f19 _gy-gencatlg |
||
| 942 |
_2lcc _cBK |
||
| 999 |
_c11316 _d11316 |
||